Electrical meaurements and measuring intrumentataion (Record no. 13960)

MARC details
000 -LEADER
fixed length control field 00252nam a22001097a 4500
082 ## - DEWEY DECIMAL CLASSIFICATION NUMBER
Classification number 621.37BHA
100 ## - MAIN ENTRY--AUTHOR NAME
Personal name Bhar D
245 ## - TITLE STATEMENT
Title Electrical meaurements and measuring intrumentataion
260 ## - PUBLICATION, DISTRIBUTION, ETC. (IMPRINT)
Place of publication New Delhi
Name of publisher Oxford
Year of publication 1985
300 ## - PHYSICAL DESCRIPTION
Number of Pages 261
942 ## - ADDED ENTRY ELEMENTS (KOHA)
Koha item type Books
Holdings
Withdrawn status Lost status Home library Current library Date acquired Cost, normal purchase price Full call number Accession Number Koha item type
    Central Library, QUEST, Nawabshah Central Library, QUEST, Nawabshah 07/09/2015 28.00 621.37BHA 11483 Books
    Central Library, QUEST, Nawabshah Central Library, QUEST, Nawabshah 12/05/2016 56.00 621.37BHA 14183 Books